Enfermedades invalidantes de la infancia: enfoque integral de rehabilitación

Furkejuvvon:
Bibliográfalaš dieđut
Searvvušdahkki: Sociedad Pro Ayuda del Niño Lisiado (Dahkki)
Materiálatiipa: Girji
Giella:espánnjágiella
Almmustuhtton: Santiago Sociedad Pro Ayuda del Niño Lisiado 1995
Fáttát:
Fáddágilkorat: Lasit fáddágilkoriid
Eai fáddágilkorat, Lasit vuosttaš fáddágilkora!

MARC

LEADER 00000nam a2200000 a 4500
001 UCY9332
003 CL-VaPUC
008 950717e19950100CL |||||||||||||||||spa|d
082 0 4 |a 617.03  |b SOC  |2 21 
110 2 |a Sociedad Pro Ayuda del Niño Lisiado  |e author  |9 341413 
245 1 0 |a Enfermedades invalidantes de la infancia: enfoque integral de rehabilitación 
300 |a 305 p 
942 |c BK 
945 |d 19950717 00:00:00  |a mfernand 
260 |a Santiago  |b Sociedad Pro Ayuda del Niño Lisiado  |c 1995 
650 7 |a NIÑOS MINUSVALIDOS  |2 CL-VaPUC  |9 309747 
650 7 |a DESFAVORECIDOS FISICOS  |2 CL-VaPUC  |9 340678 
650 7 |a MINUSVALIDOS FISICOS  |2 CL-VaPUC  |9 334759 
650 0 |a Terapia  |9 334442 
650 0 |a Rehabilitación  |9 307382 
583 |a last modification  |c 19950717 00:00:00  |k Rodrigo Vera 
999 |c 236444  |d 236442 
952 |0 0  |1 0  |4 0  |6 617_030000000000000_SOC_1995  |7 0  |8 A  |9 244535  |a BIBEDU  |b BIBEDU  |d 2019-11-18  |i 1533053  |l 1  |o 617.03 SOC 1995  |p 1533053  |r 2023-07-05  |s 2023-07-05  |w 2019-11-18  |y BK  |k EDU